Trois intermezzi : Op. 117 pour piano à deux mains
Uloženo v:
| Hlavní autor: | |
|---|---|
| Další autoři: | |
| Médium: | Kniha |
| Jazyk: | francouzština |
| Vydáno: |
Paris
Durand & Co.
1928
|
| Témata: | |
| Tagy: |
Přidat tag
Žádné tagy, Buďte první, kdo vytvoří štítek k tomuto záznamu!
|
MARC
| LEADER | 00000nam a22000005a 4500 | ||
|---|---|---|---|
| 003 | CL-ChBUA | ||
| 005 | 20150115104352.0 | ||
| 008 | 150115s1928 fr ||||| |||| 000 ||fre | ||
| 040 | |a CL-ChBUA |c CL-ChBUA | ||
| 082 | 0 | 0 | |a 786.2 |
| 100 | 1 | |a Brahms, Johannes, 1833-1897 | |
| 245 | 1 | 0 | |a Trois intermezzi : |b Op. 117 pour piano à deux mains |c Johannes Brahms ; revisado por I. Philipp |
| 260 | |a Paris |b Durand & Co. |c 1928 | ||
| 300 | |a 15 páginas |c 31 centímetros | ||
| 650 | 4 | |a MUSICA PARA PIANO - PARTITURAS | |
| 700 | 1 | |a Philipp, I. |e revisor | |
| 942 | |2 ddc |c LIBR | ||
| 952 | |0 0 |1 0 |2 ddc |4 0 |6 R_786_200000000000000_B_813 |7 0 |9 1143242 |a UNACH |b UNACH |c RPT |d 2015-01-15 |i 54.394 |l 0 |o R 786.2 / B 813 |p 81137 |r 2015-01-15 00:00:00 |t 1 |w 2015-01-15 |y LIBR | ||
| 999 | |c 2181439 |d 2181439 | ||